000 01016nam a2200277 a 4500
001 000020999
005 20200930011217.0
008 100828s1974 sp 000 d spa d
020 _a8430305165
040 _aDO-SdBNP
_bspa
_cBNPHU
082 _a842.42
_bM721am
100 1 _aMolière,
_d1622-1673
_913395
245 1 3 _aEl amor médico: comedia con bailables, en tres actos ; el enfermo imaginario: comedia con bailables, en tres actos /
_cMolière ; traducción y notas de Julio Gómez de la Serna.
260 _aBarcelona :
_bRamón Sopena,
_c1974.
300 _a175, [13] p. ;
_c18 cm.
490 1 _aBiblioteca sopena
_v516
504 _aIncluye notas al pie de las páginas.
650 4 _aTeatro francés
_95359
650 4 _aComedia francesa
_913396
650 4 _aLiteratura francesa
_91074
700 1 _aGómez de la Serna, Julio,
_etr.
_912818
740 3 _aEl infierno imaginario: comedia con bailables, en tres actos
830 0 _aBiblioteca sopena ;
_v516
_912815
910 _aWM
049 _aBNGR
999 _c20502
_d20502